| Поле | Инд. | ПП | Название | Значение |
|---|---|---|---|---|
| Тип записи | a | |||
| Библиографический уровень | m | |||
| 001 | Контрольный номер | 69e330ae-b875-415c-a919-920262fc5f70 | ||
| 005 | Дата корректировки | 20200422120915.8 | ||
| 008 | Кодируемые данные | 060607s1990 rur a 000u 0rus d | ||
| 020 | a | ISBN | 5-274-01299-X | |
| 040 | a | Служба первич. каталог. | RuMoRKP | |
| 040 | a | Служба первич. каталог. | НБ ТвГУ | |
| 041 | 0_ | a | Код языка текста | rus |
| 080 | a | Индекс УДК | 64.021 | |
| 084 | a | Индекс другой классификации/Индекс ББК | М79 | |
| 090 | a | Полочн. индекс | М79 | |
| x | Авторский знак | К 19 | ||
| 100 | 1_ | a | Автор | Каневский Евгений Маркович |
| e | Роль лиц | Автор | ||
| 245 | 00 | a | Заглавие | Как стать хозяином в доме? |
| c | Ответственность | Е. М. Каневский, Э. В. Краснянский, А. И. Ривкин | ||
| 260 | 0_ | a | Место издания | Москва |
| b | Издательство | Стройиздат | ||
| c | Дата издания | 1990 | ||
| 300 | a | Объем | 205, [2] с. | |
| b | Иллюстрации/ тип воспроизводства | ил. | ||
| c | Размеры | 20 см | ||
| 520 | 0_ | a | Аннотация | Как при минимуме материальных затрат обустроить дом и при этом достигнуть высокого уровня комфортности? Как сделать домашний очаг уютным, удобным для отдыха? Каким вам видится загородный дом? Что необходимо знать садоводу-любителю для грамотного ведения приусадебного хозяйства? На эти и другие вопросы создания рациональной, соответствующей вашему образу жизни среды обитания стараются ответить авторы этой книги. |
| 653 | 0_ | a | Ключевые слова | Домоводство |
| a | Ключевые слова | Садоводство | ||
| a | Ключевые слова | Домашнее хозяйство | ||
| a | Ключевые слова | Приусадебное хозяйство | ||
| a | Ключевые слова | Ведение дома | ||
| a | Ключевые слова | Обустройство дома | ||
| a | Ключевые слова | Обустройство садового участка | ||
| 700 | 1_ | a | Другие авторы | Краснянский Эдуард Владимирович |
| e | Роль лиц | авт. | ||
| 700 | 1_ | a | Другие авторы | Ривкин Александр Исаакович |
| e | Роль лиц | авт. | ||
| 901 | t | Тип документа | m | |
| 920 | a | Оператор | Бочк | |
| a | Оператор | Рунт | ||
| 954 | a | Дата поступления на обработку | 20090311 | |
| c | Дата окончания ОНО | 20200422 |